000 00538nam a2200181Ia 4500
001 1184
005 20260306140613.0
008 260306t2007||||xx |||||||||||||| ||spa||
041 _aESP
082 _a188
_bS38D V. 1
100 _aSéneca
_eAUT
245 0 _aDiálogos I:
_bDe la brevedad de la vida - De la constancia del sabio - De la vida feliz - Del ocio - De la providencia - De la tranquilidad del ánimo -
260 _c2007
300 _a325 páginas :
_c21 cm.
650 _aGEN
654 _aCHU
942 _cLIB
_dJUS
_fJUS
_2ddc
_n
999 _c1184
_d1184